[Event "Mauricie op"]
[Site "Trois-Rivieres CAN"]
[Date "2010.03.21"]
[Round "5"]
[White "Poulin, Mathieu"]
[Black "Lepine, Cedric"]
[Result "0-1"]
[WhiteElo "1894"]
[BlackElo "1841"]
[PlyCount "86"]
[EventDate "2010.03.19"]
[EventType "swiss"]
[EventRounds "5"]
[EventCountry "CAN"]

1. d4 d5 2. c4 e6 3. Nc3 Nf6 4. cxd5 exd5 5. Bg5 Be7 6. e3 c6 7. Bd3 O-O 8. Qc2
h6 9. Bh4 Be6 10. Nf3 Nbd7 11. O-O Rc8 12. Qb3 Qb6 13. Qxb6 Nxb6 14. Ne5 g5 15.
Bg3 Nfd7 16. Nxd7 Nxd7 17. Rab1 f5 18. Ne2 Nf6 19. Be5 Ne4 20. Rfd1 Bd6 21.
Bxd6 Nxd6 22. b3 b6 23. b4 b5 24. g3 a5 25. a4 bxa4 26. bxa5 Rb8 27. Ra1 Bd7
28. Ra2 Nb5 29. Rxa4 f4 30. exf4 gxf4 31. Bxb5 cxb5 32. Rb4 Bg4 33. Rd2 f3 34.
Nf4 Rxf4 35. h3 Re4 36. hxg4 Re1+ 37. Kh2 Rc8 38. g5 Rcc1 39. Kh3 h5 40. g4 Rg1
41. Rb3 Rxg4 42. Kh2 Rg2+ 43. Kh3 Rh1# 0-1

[Event "Mauricie op"]
[Site "Trois-Rivieres CAN"]
[Date "2010.03.21"]
[Round "5"]
[White "Qin, Zi Yi (Joey)"]
[Black "Sambuev, Bator"]
[Result "0-1"]
[WhiteElo "2092"]
[BlackElo "2550"]
[PlyCount "148"]
[EventDate "2010.03.19"]
[EventType "swiss"]
[EventRounds "5"]
[EventCountry "CAN"]

1. e4 e6 2. d4 d5 3. Nd2 c5 4. exd5 exd5 5. Ngf3 Nf6 6. Bb5+ Bd7 7. Bxd7+ Nbxd7
8. O-O Be7 9. dxc5 Nxc5 10. Nb3 Nce4 11. Nbd4 Qc8 12. h3 O-O 13. Bf4 a6 14. a4
Re8 15. Re1 Bf8 16. c3 g6 17. Qc2 Nh5 18. Bh2 Qc5 19. Rad1 Rad8 20. Nd2 Nhf6
21. Bf4 Bg7 22. N2b3 Qc8 23. Nf3 Re7 24. Re2 Qf5 25. Be3 Rde8 26. Rde1 Qd7 27.
Nbd4 Nd6 28. Bf4 Rxe2 29. Rxe2 Re4 30. Bxd6 Qxd6 31. Nd2 Rxe2 32. Nxe2 Nd7 33.
Nb3 Nb6 34. Nbd4 Nc4 35. b3 Ne5 36. Qd2 Nd7 37. Qe3 Be5 38. Nf3 Bf6 39. Ned4
Nc5 40. Nd2 h5 41. N2f3 Ne4 42. Ne2 Kg7 43. Nfd4 Bh4 44. g3 Bg5 45. Qf3 h4 46.
g4 Qa3 47. Kg2 Qa1 48. Nc2 Qd1 49. Ned4 Qd2 50. c4 Bf6 51. Qe3 Qxe3 52. fxe3
dxc4 53. bxc4 Nc5 54. a5 Bd8 55. Nf3 Nb3 56. Kf2 Nxa5 57. Nd2 Nc6 58. Ke2 Ne5
59. Nd4 Be7 60. Kd1 Bb4 61. N2f3 Nxc4 62. Nxh4 Nxe3+ 63. Ke2 Nd5 64. Ng2 Bc5
65. Nf3 Bb6 66. Kd3 Kf6 67. Ke4 Ke6 68. Nd2 Bc7 69. Nb3 Nf6+ 70. Kd3 Bb6 71.
Nd2 Ba7 72. Nc4 Nd5 73. Na5 b5 74. Nc6 Bb6 0-1

[Event "Mauricie op"]
[Site "Trois-Rivieres CAN"]
[Date "2010.03.21"]
[Round "5"]
[White "Schommer, Philippe"]
[Black "Robichaud, Louis"]
[Result "1-0"]
[WhiteElo "1784"]
[BlackElo "2046"]
[PlyCount "105"]
[EventDate "2010.03.19"]
[EventType "swiss"]
[EventRounds "5"]
[EventCountry "CAN"]

1. e4 e5 2. Nf3 Nc6 3. Bb5 a6 4. Ba4 Nf6 5. d3 Bc5 6. O-O d6 7. c3 Ba7 8. h3
O-O 9. Re1 b5 10. Bb3 Na5 11. Bc2 c5 12. Bg5 h6 13. Bh4 Nc6 14. a4 Rb8 15. Nbd2
Bb6 16. axb5 axb5 17. Nf1 Ne7 18. Bxf6 gxf6 19. Ne3 Kh7 20. Kh2 Ng6 21. g3 Rh8
22. Nd5 Kg7 23. Ne3 h5 24. Ng1 Qd7 25. Qf3 Bd8 26. Nf5+ Kg8 27. Bb3 Bb7 28. Ne2
Bb6 29. Rg1 Rd8 30. Ne3 Kg7 31. Bd5 Rb8 32. Bxb7 Rxb7 33. Ra6 Rbb8 34. Nd5 Bd8
35. Rga1 h4 36. g4 Nf8 37. Ne3 Be7 38. Ra7 Rb7 39. Nf5+ Kg6 40. Ra8 Bd8 41.
R1a6 Be7 42. Qe3 Rc7 43. Ng1 Rh7 44. Nf3 Ne6 45. N3xh4+ Rxh4 46. Nxh4+ Kh7 47.
Nf5 Nf4 48. Qg3 Ng6 49. Qf3 Nf4 50. g5 fxg5 51. h4 f6 52. hxg5 fxg5 53. Kg1 1-0

[Event "Mauricie op"]
[Site "Trois-Rivieres CAN"]
[Date "2010.03.21"]
[Round "5"]
[White "Wilkin, Alain"]
[Black "Prahov, Valentin"]
[Result "1/2-1/2"]
[WhiteElo "1931"]
[BlackElo "2206"]
[PlyCount "79"]
[EventDate "2010.03.19"]
[EventType "swiss"]
[EventRounds "5"]
[EventCountry "CAN"]

1. e4 c5 2. Nf3 e6 3. d3 Nc6 4. g3 d5 5. Nbd2 Nf6 6. Bg2 Be7 7. O-O O-O 8. e5
Ng4 9. Re1 f6 10. exf6 Bxf6 11. c3 b6 12. h3 Nge5 13. Nxe5 Nxe5 14. Nf3 Ng6 15.
d4 a5 16. Be3 c4 17. Qd2 Ra7 18. Bg5 Raf7 19. Re2 h6 20. Bxf6 Rxf6 21. Nh2 R6f7
22. Rf1 Qd6 23. Ng4 Rf5 24. f4 h5 25. Ne5 Nxe5 26. fxe5 Rxf1+ 27. Bxf1 Qe7 28.
h4 Bd7 29. Rf2 Rxf2 30. Qxf2 Ba4 31. Qf4 g6 32. Bh3 Kg7 33. Qg5 Qxg5 34. hxg5
Kf7 35. Kf2 Bc2 36. a3 Bf5 37. Bg2 Ke7 38. Ke3 Kd7 39. Kd2 Kc6 40. Bf3 1/2-1/2

[Event "Mauricie op U2000"]
[Site "Trois-Rivieres CAN"]
[Date "2010.03.19"]
[Round "1"]
[White "Morissette, Jean"]
[Black "Morin, Louis"]
[Result "0-1"]
[WhiteElo "1955"]
[BlackElo "1858"]
[PlyCount "72"]
[EventDate "2010.03.19"]
[EventType "swiss"]
[EventRounds "5"]
[EventCountry "CAN"]

1. d4 e5 2. dxe5 Nc6 3. Nf3 Qe7 4. Nc3 Nxe5 5. Bf4 Nxf3+ 6. gxf3 d6 7. Qd2 Nf6
8. O-O-O Bd7 9. e4 O-O-O 10. Bg5 Bc6 11. Bb5 h6 12. Be3 Qd7 13. Qd4 Bxb5 14.
Qxa7 Qc6 15. Rhe1 Qa6 16. e5 Qxa7 17. Bxa7 Bc6 18. exf6 b6 19. Rd4 Kb7 20. Rc4
d5 21. Rd1 dxc4 22. Rxd8 Kxa7 23. Kd2 gxf6 24. a3 Bg7 25. Rd4 b5 26. a4 f5 27.
Rf4 Rd8+ 28. Kc1 Bxc3 29. bxc3 bxa4 30. Rxf5 Bd5 31. Kb2 Kb6 32. Ka3 Ka5 33.
Re5 c6 34. Re7 Kb6 35. Re1 Bxf3 36. Kxa4 Ra8+ 0-1

[Event "Mauricie op U2000"]
[Site "Trois-Rivieres CAN"]
[Date "2010.03.20"]
[Round "2"]
[White "Morin, Louis"]
[Black "Fournier, Michael"]
[Result "0-1"]
[WhiteElo "1858"]
[BlackElo "1882"]
[PlyCount "112"]
[EventDate "2010.03.19"]
[EventType "swiss"]
[EventRounds "5"]
[EventCountry "CAN"]

1. e4 c6 2. d4 g6 3. Nf3 d5 4. exd5 cxd5 5. Be2 Bg7 6. O-O Bg4 7. h3 Bxf3 8.
Bxf3 e6 9. c4 Nc6 10. cxd5 exd5 11. Re1+ Nge7 12. Nc3 O-O 13. Bg5 f6 14. Bf4
Qd7 15. Nb5 Rac8 16. Nd6 Rcd8 17. Qb3 Nxd4 18. Bxd5+ Kh8 19. Qc4 Nxd5 20. Qxd5
Nc2 21. Qxb7 Nxe1 22. Rxe1 Qxb7 23. Nxb7 Rd4 24. Bd6 Rc8 25. Bc5 Rc4 26. b4 Bf8
27. Nd6 Bxd6 28. Bxd6 Rc1 29. Kf1 Rxe1+ 30. Kxe1 Rc1+ 31. Kd2 Ra1 32. Bc5 Rxa2+
33. Kc3 Kg8 34. Kb3 Ra1 35. Kb2 Ra6 36. b5 Ra5 37. Kc3 Rxb5 38. Bxa7 Kf7 39.
Kd3 Ke6 40. Ke4 Rb4+ 41. Kf3 Kf5 42. g4+ Ke5 43. Kg2 Kf4 44. Bc5 Rb3 45. Bd6+
Ke4 46. Bc5 Rf3 47. Be7 f5 48. Bg5 Rb3 49. f4 Rf3 50. gxf5 gxf5 51. h4 Rxf4 52.
Kh3 Rg4 53. Bh6 Kf3 54. Bf8 Rg3+ 55. Kh2 Kg4 56. Be7 f4 0-1

[Event "Mauricie op U2000"]
[Site "Trois-Rivieres CAN"]
[Date "2010.03.20"]
[Round "3"]
[White "Thibault, Mario"]
[Black "Morin, Louis"]
[Result "0-1"]
[WhiteElo "1733"]
[BlackElo "1858"]
[PlyCount "42"]
[EventDate "2010.03.19"]
[EventType "swiss"]
[EventRounds "5"]
[EventCountry "CAN"]

1. e4 e5 2. Nf3 d6 3. d4 Nf6 4. Nc3 Nbd7 5. Bc4 Be7 6. O-O O-O 7. Re1 c6 8. Bg5
b5 9. Bb3 a5 10. a4 b4 11. Ne2 Nxe4 12. Bxe7 Qxe7 13. dxe5 dxe5 14. Bd5 Nxf2
15. Kxf2 Qc5+ 16. Kf1 cxd5 17. c3 Bb7 18. Qd2 Rfe8 19. Rac1 Nf6 20. cxb4 Qa7
21. Rc7 Ne4 0-1

[Event "Mauricie op U2000"]
[Site "Trois-Rivieres CAN"]
[Date "2010.03.21"]
[Round "4"]
[White "Carrier, Claude"]
[Black "Parent, Francois"]
[Result "0-1"]
[WhiteElo "1938"]
[BlackElo "1876"]
[PlyCount "72"]
[EventDate "2010.03.19"]
[EventType "swiss"]
[EventRounds "5"]
[EventCountry "CAN"]

1. e4 c5 2. Nf3 d6 3. d4 cxd4 4. Nxd4 Nf6 5. Nc3 a6 6. Be3 Bd7 7. f3 Nc6 8. Qd2
Rc8 9. g4 g6 10. h4 h6 11. Rg1 Bg7 12. Nxc6 Rxc6 13. Bd4 Qa5 14. Nd5 Qxd2+ 15.
Kxd2 Nxe4+ 16. Kd3 Bxd4 17. Kxd4 Nc5 18. Re1 e5+ 19. Ke3 Be6 20. c4 Bxd5 21.
cxd5 Rb6 22. Rg2 Rb4 23. b3 Rf4 24. Kf2 h5 25. Kg3 hxg4 26. fxg4 Ne4+ 27. Kh2
Rxh4+ 28. Kg1 Rhxg4 29. Rxg4 Rxg4+ 30. Kh2 f5 31. Rc1 Ng5 32. Rc7 f4 33. Be2 f3
34. Bf1 e4 35. Rxb7 e3 36. Bxa6 e2 0-1

[Event "Mauricie op U2000"]
[Site "Trois-Rivieres CAN"]
[Date "2010.03.21"]
[Round "4"]
[White "Forget, David"]
[Black "Morin, Louis"]
[Result "0-1"]
[WhiteElo "1921"]
[BlackElo "1858"]
[PlyCount "106"]
[EventDate "2010.03.19"]
[EventType "swiss"]
[EventRounds "5"]
[EventCountry "CAN"]

1. d4 e5 2. dxe5 Nc6 3. Nf3 Qe7 4. Nc3 Nxe5 5. e4 c6 6. Be2 d6 7. Nd4 Nf6 8.
O-O Qc7 9. Re1 Be7 10. Bg5 h6 11. Be3 Nfg4 12. Bd2 Bf6 13. h3 Qb6 14. Bxg4 Bxg4
15. hxg4 Qxd4 16. Be3 Qxd1 17. Raxd1 Nc4 18. Bd4 Nxb2 19. e5 dxe5 20. Rb1 O-O-O
21. Bxa7 Nc4 22. Ne4 Nd2 23. Nxd2 Rxd2 24. Rbc1 Rhd8 25. Be3 R2d5 26. Rb1 b5
27. Kf1 Kd7 28. c4 bxc4 29. Rec1 Rb5 30. Ra1 e4 31. a4 Ra8 32. Rxc4 Bxa1 33.
axb5 cxb5 34. Rxe4 Ra4 35. Rxa4 bxa4 36. Bc1 Kc6 37. Ke2 Kb5 38. Kd3 Kb4 39.
Kc2 a3 40. f3 Bf6 41. Bxa3+ Kxa3 42. Kd3 Kb4 43. Ke4 Kc5 44. f4 Kd6 45. Kf5 Ke7
46. Ke4 Ke6 47. Kf3 Kd5 48. Ke3 Bd8 49. Kf3 Kd4 50. g3 Kd3 51. Kg2 Ke3 52. Kh3
Kf3 53. Kh2 Kxg4 0-1

[Event "Mauricie op U2000"]
[Site "Trois-Rivieres CAN"]
[Date "2010.03.21"]
[Round "5"]
[White "Morin, Louis"]
[Black "Brousseau, Stephane"]
[Result "1-0"]
[WhiteElo "1858"]
[BlackElo "1775"]
[PlyCount "65"]
[EventDate "2010.03.19"]
[EventType "swiss"]
[EventRounds "5"]
[EventCountry "CAN"]

1. e4 c5 2. d4 cxd4 3. c3 dxc3 4. Nxc3 Nc6 5. Nf3 e6 6. Bc4 d6 7. O-O a6 8. Qe2
Be7 9. Rd1 Qa5 10. Bf4 Ne5 11. Bxe5 dxe5 12. Rac1 Nf6 13. a3 b5 14. Nxb5 axb5
15. Bxb5+ Bd7 16. Rxd7 Nxd7 17. Nxe5 O-O 18. Nc6 Qb6 19. Nxe7+ Kh8 20. Bxd7 Qd6
21. Nc8 Qe5 22. Nb6 Rab8 23. Nc4 Qc5 24. Qe3 Qc7 25. Ba4 Rfc8 26. b3 Rd8 27. g3
e5 28. Kg2 Rd4 29. Rc3 Qb7 30. Nxe5 Rxe4 31. Qf3 Qd5 32. Nxf7+ Kg8 33. Bc6 1-0

[Event "Mauricie op U2000"]
[Site "Trois-Rivieres CAN"]
[Date "2010.03.21"]
[Round "5"]
[White "Parent, Francois"]
[Black "Gelet, Seymour"]
[Result "1/2-1/2"]
[WhiteElo "1876"]
[BlackElo "1885"]
[PlyCount "126"]
[EventDate "2010.03.19"]
[EventType "swiss"]
[EventRounds "5"]
[EventCountry "CAN"]

1. d4 d5 2. c4 e6 3. Nc3 Nf6 4. Nf3 Be7 5. Bg5 Nbd7 6. e3 O-O 7. cxd5 exd5 8.
Bd3 c6 9. h3 h6 10. Bf4 Re8 11. O-O Bf8 12. Qc2 b6 13. e4 dxe4 14. Nxe4 Bb7 15.
Nd6 Bxd6 16. Bxd6 Nf8 17. Be5 Rc8 18. Bf5 Ne6 19. Qa4 a5 20. Rad1 Nd5 21. Rfe1
g6 22. Bb1 Ng5 23. Nxg5 Qxg5 24. Be4 Rcd8 25. Qb3 b5 26. Qf3 f5 27. Bc2 Rd7 28.
Bb3 Kh7 29. Qg3 Qd8 30. Bxd5 Rxd5 31. Bc7 Rxe1+ 32. Rxe1 Qd7 33. Bxa5 Rxd4 34.
Bc3 f4 35. Qg4 Qxg4 36. Re7+ Kg8 37. hxg4 Rd1+ 38. Kh2 Ba6 39. Rg7+ Kf8 40.
Rxg6 Bc8 41. Rxc6 Bxg4 42. Rf6+ Ke7 43. Rxf4 h5 44. f3 Be6 45. a3 Rd5 46. g4
hxg4 47. fxg4 Kd7 48. Kg3 Rg5 49. Bf6 Rg6 50. g5 Rg8 51. a4 bxa4 52. Rxa4 Bf5
53. Kf4 Bc2 54. Rd4+ Ke6 55. Rd8 Rg6 56. b4 Ba4 57. Ke4 Bd7 58. Kd4 Kd6 59. b5
Kc7 60. Kc5 Bxb5 61. Rd6 Be8 62. Re6 Rg8 63. Re7+ Kc8 1/2-1/2

[Event "May TNT"]
[Site "Winnipeg CAN"]
[Date "2010.05.04"]
[Round "1"]
[White "Babb, Jeff"]
[Black "Wasserman, Leor"]
[Result "1-0"]
[WhiteElo "2193"]
[BlackElo "1736"]
[PlyCount "35"]
[EventDate "2010.05.04"]
[EventType "swiss"]
[EventRounds "4"]
[EventCountry "CAN"]

1. f4 d5 2. e3 e6 3. Nf3 c5 4. b3 Nc6 5. Bb2 Nf6 6. Bb5 Bd7 7. O-O Be7 8. Bxc6
Bxc6 9. Ne5 Rc8 10. d3 O-O 11. Nd2 Nd7 12. Ndf3 Nxe5 13. Nxe5 Qb6 14. Qg4 Bf6
15. Nd7 Bxd7 16. Bxf6 g6 17. Qg5 e5 18. fxe5 1-0

[Event "May TNT"]
[Site "Winnipeg CAN"]
[Date "2010.05.04"]
[Round "1"]
[White "Boron, Anthony"]
[Black "Ott, Richard"]
[Result "1-0"]
[WhiteElo "2024"]
[BlackElo "1640"]
[PlyCount "87"]
[EventDate "2010.05.04"]
[EventType "swiss"]
[EventRounds "4"]
[EventCountry "CAN"]

1. Nf3 Nf6 2. d4 e6 3. g3 d5 4. c4 dxc4 5. Qa4+ c6 6. Qxc4 Be7 7. Bg2 Qa5+ 8.
Bd2 Qb6 9. Qc2 O-O 10. Nc3 Na6 11. a3 Bd7 12. O-O Rfe8 13. b4 Rad8 14. e3 Nb8
15. Ne5 Bf8 16. f4 g6 17. g4 Bg7 18. Bf3 Bc8 19. g5 Nd5 20. Ne4 Nd7 21. Nd6
Nxe5 22. fxe5 Rxd6 23. exd6 Qd8 24. Kh1 Qxd6 25. Qc5 Qc7 26. e4 Nf4 27. Bg4 e5
28. Bxc8 Qxc8 29. Qc4 Qh3 30. Bxf4 exf4 31. Rxf4 Qd7 32. e5 b5 33. Qb3 Qb7 34.
Qf3 Bxe5 35. dxe5 Rxe5 36. Rf1 Rf5 37. Qe4 Rxf4 38. Rxf4 Qd7 39. Qf3 Qe7 40.
Qe4 Qd7 41. Rf1 Kf8 42. Qe5 Qd5+ 43. Qxd5 cxd5 44. Rd1 1-0

[Event "May TNT"]
[Site "Winnipeg CAN"]
[Date "2010.05.04"]
[Round "1"]
[White "Greenberg, Harley"]
[Black "Lipnowski, Samuel"]
[Result "0-1"]
[WhiteElo "1774"]
[BlackElo "2220"]
[PlyCount "70"]
[EventDate "2010.05.04"]
[EventType "swiss"]
[EventRounds "4"]
[EventCountry "CAN"]

1. d4 Nf6 2. c4 g6 3. Nc3 d5 4. Bg5 Bg7 5. e3 c5 6. Bxf6 Bxf6 7. Nf3 dxc4 8.
Bxc4 O-O 9. d5 Qa5 10. Rc1 b5 11. Be2 b4 12. Na4 b3+ 13. Nc3 bxa2 14. O-O Ba6
15. e4 Nd7 16. Bxa6 Qxa6 17. Qb3 Rab8 18. Qxa2 Qxa2 19. Nxa2 Rxb2 20. Nc3 Rc8
21. Nd1 Rb4 22. Ne3 Rxe4 23. Nc4 Nb6 24. Nxb6 axb6 25. Rfd1 b5 26. d6 exd6 27.
Rxd6 Kg7 28. Rd5 Rc4 29. Rb1 b4 30. Ne5 Bxe5 31. Rxe5 Rc2 32. Kf1 Rd8 33. Re2
Rdd2 34. Rxd2 Rxd2 35. Rc1 Rd5 0-1

[Event "May TNT"]
[Site "Winnipeg CAN"]
[Date "2010.05.04"]
[Round "1"]
[White "Milord, Frank"]
[Black "Czypinski, Jaroslaw"]
[Result "0-1"]
[WhiteElo "1637"]
[BlackElo "1927"]
[PlyCount "72"]
[EventDate "2010.05.04"]
[EventType "swiss"]
[EventRounds "4"]
[EventCountry "CAN"]

1. e4 e5 2. Nf3 Nc6 3. Bb5 Nd4 4. Nxd4 exd4 5. O-O c6 6. Be2 Bd6 7. d3 Bc7 8.
Nd2 d5 9. exd5 Qxd5 10. Re1 Be6 11. Bf3 Qd6 12. Nf1 Nf6 13. Bg5 O-O-O 14. Bh4
Qd7 15. a4 Rde8 16. b4 Nd5 17. b5 cxb5 18. Bxd5 Bxd5 19. axb5 Rxe1 20. Qxe1 Re8
21. Qb4 Bb6 22. c4 dxc3 23. Qxc3+ Kb8 24. Bg3+ Ka8 25. Rc1 Be6 26. Qxg7 Qxd3
27. Qb2 Bc4 28. Rb1 Bd4 29. Qc1 Bxb5 30. Nd2 a6 31. Nb3 Bc3 32. f3 f5 33. Bf2
Rg8 34. Nc5 Qxf3 35. Bg3 Bd4+ 36. Kh1 Qc6 0-1

[Event "May TNT"]
[Site "Winnipeg CAN"]
[Date "2010.05.04"]
[Round "1"]
[White "Mousseau, Charles"]
[Black "Crawford, Gary"]
[Result "1-0"]
[WhiteElo "1777"]
[BlackElo "1463"]
[PlyCount "25"]
[EventDate "2010.05.04"]
[EventType "swiss"]
[EventRounds "4"]
[EventCountry "CAN"]

1. e4 c5 2. d4 cxd4 3. c3 dxc3 4. Nxc3 e5 5. Bc4 Nf6 6. Nf3 Nc6 7. Ng5 d5 8.
Nxd5 Bg4 9. Nxf6+ Qxf6 10. Qxg4 Bb4+ 11. Kf1 O-O 12. Qf5 Rad8 13. Qxh7# 1-0

[Event "May TNT"]
[Site "Winnipeg CAN"]
[Date "2010.05.04"]
[Round "1"]
[White "Rutter, Blair"]
[Black "Campbell, Gary"]
[Result "1-0"]
[WhiteElo "1866"]
[BlackElo "1626"]
[PlyCount "53"]
[EventDate "2010.05.04"]
[EventType "swiss"]
[EventRounds "4"]
[EventCountry "CAN"]

1. c4 Nf6 2. g3 e6 3. Bg2 d5 4. d3 dxc4 5. Qa4+ c6 6. Qxc4 Be7 7. Nc3 Nbd7 8.
Nf3 O-O 9. O-O Nb6 10. Qb3 Nbd5 11. Nd1 a5 12. a3 Nd7 13. e4 a4 14. Qc2 Nc7 15.
Be3 Na6 16. Nc3 Nac5 17. Rad1 Qa5 18. Nd2 b5 19. d4 Nb7 20. e5 c5 21. d5 b4 22.
d6 Bd8 23. Nc4 Qa6 24. Ne4 f6 25. f4 f5 26. Nf2 Nb6 27. Nxb6 1-0

[Event "May TNT"]
[Site "Winnipeg CAN"]
[Date "2010.05.04"]
[Round "1"]
[White "Trueman, Francis"]
[Black "Lipic, Stephen"]
[Result "1-0"]
[WhiteElo "1523"]
[BlackElo "1832"]
[PlyCount "25"]
[EventDate "2010.05.04"]
[EventType "swiss"]
[EventRounds "4"]
[EventCountry "CAN"]

1. Nf3 b6 2. d3 e6 3. g3 Bb7 4. Bg2 f6 5. O-O Bd6 6. e4 Nc6 7. Nbd2 Qe7 8. Nc4
g5 9. Nxd6+ Qxd6 10. Nxg5 fxg5 11. Qh5+ Kd8 12. Bxg5+ Kc8 13. Qe8+ 1-0

[Event "May TNT"]
[Site "Winnipeg CAN"]
[Date "2010.05.04"]
[Round "1"]
[White "Wasserman, Arie"]
[Black "Kaptsan, Aron"]
[Result "1/2-1/2"]
[WhiteElo "1698"]
[BlackElo "2045"]
[PlyCount "70"]
[EventDate "2010.05.04"]
[EventType "swiss"]
[EventRounds "4"]
[EventCountry "CAN"]

1. e4 e5 2. Nf3 Nc6 3. Bc4 Nf6 4. Nc3 Be7 5. a3 O-O 6. d3 d6 7. h3 Nd4 8. Nxd4
exd4 9. Nd5 Nxd5 10. Bxd5 c6 11. Bb3 Be6 12. Ba2 Bxa2 13. Rxa2 f5 14. O-O f4
15. Qg4 f3 16. g3 Rf6 17. Bg5 Rg6 18. Bxe7 Qxe7 19. Qxf3 Qe6 20. Raa1 Qxh3 21.
Qg2 Qg4 22. Rae1 Re8 23. c3 dxc3 24. bxc3 h5 25. Kh2 h4 26. Qh3 hxg3+ 27. Qxg3
Qh5+ 28. Qh3 Re5 29. Re3 Qg5 30. Qc8+ Kf7 31. Rg3 Qf4 32. Kg2 Re7 33. Rxg6 Kxg6
34. Rg1 Kf7 35. Rb1 Qd2 1/2-1/2

[Event "May TNT"]
[Site "Winnipeg CAN"]
[Date "2010.05.11"]
[Round "2"]
[White "Campbell, Gary"]
[Black "Greenberg, Harley"]
[Result "1-0"]
[WhiteElo "1626"]
[BlackElo "1774"]
[PlyCount "77"]
[EventDate "2010.05.04"]
[EventType "swiss"]
[EventRounds "4"]
[EventCountry "CAN"]

1. d4 Nf6 2. c4 e6 3. Nc3 c5 4. d5 exd5 5. cxd5 d6 6. e4 g6 7. Nf3 Bg7 8. h3
O-O 9. Bd3 a6 10. a4 Re8 11. Bf4 c4 12. Bc2 Bf5 13. Nd2 Nxe4 14. Bxe4 Bxe4 15.
O-O f5 16. Nxc4 Be5 17. Bxe5 dxe5 18. f3 Qc7 19. Qe2 Qc5+ 20. Ne3 Bxf3 21. gxf3
f4 22. Ne4 Qb6 23. a5 Qxe3+ 24. Qxe3 fxe3 25. Nf6+ Kf7 26. Nxe8 Kxe8 27. Rac1
Kd8 28. Rfe1 Nd7 29. Rxe3 Rb8 30. Rec3 b5 31. Rc6 b4 32. Rxa6 Rb5 33. d6 Nc5
34. Rc6 Ne6 35. a6 Ra5 36. Rb6 Kd7 37. Rb7+ Kxd6 38. a7 Nc5 39. Rb5 1-0

[Event "May TNT"]
[Site "Winnipeg CAN"]
[Date "2010.05.11"]
[Round "2"]
[White "Czypinski, Jaroslaw"]
[Black "Trueman, Francis"]
[Result "1-0"]
[WhiteElo "1927"]
[BlackElo "1523"]
[PlyCount "117"]
[EventDate "2010.05.04"]
[EventType "swiss"]
[EventRounds "4"]
[EventCountry "CAN"]

1. Nf3 Nf6 2. d4 d6 3. e3 g6 4. Bd3 Bg7 5. Nbd2 O-O 6. b3 Nbd7 7. Bb2 Re8 8.
O-O e5 9. dxe5 dxe5 10. e4 c6 11. Qe2 Qc7 12. c4 Nc5 13. Bc2 Nfd7 14. Rfd1 Ne6
15. Nf1 Ndf8 16. Ng3 Nf4 17. Qd2 Bg4 18. Qe3 Bh6 19. Qc3 Bg7 20. h3 Bd7 21. Qe1
h5 22. Ne2 N8e6 23. Nxf4 Nxf4 24. Rd2 Qc8 25. Qf1 Bh6 26. Rxd7 Qxd7 27. Nxe5
Qd2 28. Qd1 Qxd1+ 29. Rxd1 Bg7 30. Nd3 Nxd3 31. Bxg7 Kxg7 32. Bxd3 Rad8 33. f3
Rd7 34. Kf1 Kf6 35. g3 g5 36. Ke2 Kg6 37. Kf2 g4 38. hxg4 hxg4 39. f4 Kg7 40.
Ke3 Rh8 41. Rd2 Rh1 42. f5 Kf6 43. Kf4 Re1 44. a3 c5 45. b4 b6 46. b5 Ra1 47.
e5+ Kg7 48. f6+ Kf8 49. Rh2 Rd4+ 50. Kg5 Ke8 51. Bf5 Kd8 52. Rh8+ Kc7 53. Rf8
Rad1 54. Rxf7+ Kd8 55. Rf8+ Kc7 56. Rf7+ Kd8 57. Rxa7 Rxc4 58. f7 Rf1 59. f8=Q#
1-0

[Event "May TNT"]
[Site "Winnipeg CAN"]
[Date "2010.05.11"]
[Round "2"]
[White "Kaptsan, Aron"]
[Black "Klokow, John"]
[Result "1-0"]
[WhiteElo "2045"]
[BlackElo "1752"]
[PlyCount "67"]
[EventDate "2010.05.04"]
[EventType "swiss"]
[EventRounds "4"]
[EventCountry "CAN"]

1. d4 d5 2. c4 c6 3. Nc3 Nf6 4. e3 e6 5. Nf3 Nbd7 6. Bd3 dxc4 7. Bxc4 b5 8. Bb3
Bb7 9. O-O Be7 10. Ne2 O-O 11. Ng3 c5 12. Qe2 Qb6 13. Rd1 c4 14. Bc2 Nd5 15. e4
Nb4 16. Bb1 Rfd8 17. a3 Na6 18. e5 Rac8 19. Be4 b4 20. Bg5 Bxg5 21. Nxg5 Nf8
22. Qf3 Rd7 23. Bxb7 Qxb7 24. N5e4 Rdc7 25. Qg4 Rd8 26. Nd6 Qb6 27. Nge4 c3 28.
bxc3 bxc3 29. Nf6+ Kh8 30. Nfe8 Ng6 31. Nxc7 Qxc7 32. Rdc1 Rb8 33. Qf3 c2 34.
Qd3 1-0

[Event "May TNT"]
[Site "Winnipeg CAN"]
[Date "2010.05.11"]
[Round "2"]
[White "Lipic, Stephen"]
[Black "Wasserman, Arie"]
[Result "1-0"]
[WhiteElo "1832"]
[BlackElo "1698"]
[PlyCount "73"]
[EventDate "2010.05.04"]
[EventType "swiss"]
[EventRounds "4"]
[EventCountry "CAN"]

1. f4 Nf6 2. Nf3 d5 3. e3 Nc6 4. Bb5 Bd7 5. O-O a6 6. Bxc6 Bxc6 7. d4 e6 8. Ne5
Bb5 9. Rf3 Ne4 10. a4 Bd7 11. Rh3 Bd6 12. Nd2 Bxe5 13. fxe5 Nxd2 14. Bxd2 Qe7
15. Qe1 c5 16. b3 Rc8 17. Rc1 c4 18. Bb4 Qg5 19. Rg3 Qh6 20. Bd6 cxb3 21. cxb3
Rxc1 22. Qxc1 Qh5 23. Rf3 Qg5 24. Qc7 Qd8 25. Qxb7 Qc8 26. Qb4 Qc1+ 27. Rf1 Qc8
28. Bc5 h5 29. Qb6 Qc6 30. Qb8+ Qc8 31. Qd6 Qd8 32. Rc1 Qg5 33. Rc3 f5 34. exf6
Qxf6 35. Rc1 g5 36. Rf1 Qg7 37. Qb8+ 1-0

[Event "May TNT"]
[Site "Winnipeg CAN"]
[Date "2010.05.11"]
[Round "2"]
[White "Lipnowski, Samuel"]
[Black "Rutter, Blair"]
[Result "1-0"]
[WhiteElo "2220"]
[BlackElo "1866"]
[PlyCount "105"]
[EventDate "2010.05.04"]
[EventType "swiss"]
[EventRounds "4"]
[EventCountry "CAN"]

1. d4 d5 2. c4 Nf6 3. cxd5 Nxd5 4. e4 Nf6 5. Nc3 e6 6. Nf3 Be7 7. Bd3 Nc6 8.
O-O h6 9. a3 a6 10. b4 Bd7 11. e5 Nd5 12. Nxd5 exd5 13. Bb2 Qc8 14. Rc1 Bf5 15.
Qc2 Bxd3 16. Qxd3 Nd8 17. Nd2 c6 18. f4 g6 19. f5 gxf5 20. Rxf5 Bg5 21. Rcf1
Qe6 22. Nb3 Qg6 23. Qf3 O-O 24. Nc5 Re8 25. Nd7 Re7 26. Nf6+ Kg7 27. Nh5+ Kg8
28. Kh1 Ne6 29. g3 Rc7 30. h4 Bd8 31. Nf6+ Kf8 32. h5 Qg7 33. Kh2 Re7 34. Rd1
Rc8 35. Bc1 Bb6 36. Be3 a5 37. Ng4 Ng5 38. Bxg5 hxg5 39. bxa5 Bxa5 40. Rf1 Rcc7
41. Qe3 Re6 42. Qxg5 Qxg5 43. Rxg5 Bd2 44. Rg6 Ke8 45. Nf6+ Ke7 46. Rg8 Rxf6
47. exf6+ Ke6 48. Re8+ Kd7 49. Re7+ Kd6 50. Rxc7 Kxc7 51. g4 Be3 52. Rf3 Bxd4
53. h6 1-0

[Event "May TNT"]
[Site "Winnipeg CAN"]
[Date "2010.05.11"]
[Round "2"]
[White "Mousseau, Charles"]
[Black "Babb, Jeff"]
[Result "0-1"]
[WhiteElo "1777"]
[BlackElo "2193"]
[PlyCount "68"]
[EventDate "2010.05.04"]
[EventType "swiss"]
[EventRounds "4"]
[EventCountry "CAN"]

1. e4 e5 2. Nf3 Nc6 3. Bc4 Bc5 4. b4 Bxb4 5. c3 Ba5 6. d4 exd4 7. O-O d6 8.
cxd4 Bb6 9. Nc3 Bg4 10. Be3 Qf6 11. Nd5 Qg6 12. Rb1 Bxf3 13. Qxf3 Nf6 14. Rxb6
cxb6 15. Nc7+ Ke7 16. Nxa8 Rxa8 17. e5 dxe5 18. dxe5 Nd7 19. Bf4 Nc5 20. Bg5+
Kf8 21. Re1 Re8 22. Bf4 Kg8 23. a3 Nd4 24. Qh3 Qf5 25. Qh4 Nd3 26. Bxd3 Qxd3
27. Qg4 Qf5 28. Qxf5 Nxf5 29. g4 Nd4 30. Re4 Nc6 31. h4 f6 32. e6 Nd8 33. e7
Nc6 34. Bd6 Kf7 0-1

[Event "May TNT"]
[Site "Winnipeg CAN"]
[Date "2010.05.11"]
[Round "2"]
[White "Ott, Richard"]
[Black "Crawford, Gary"]
[Result "1-0"]
[WhiteElo "1463"]
[BlackElo "1640"]
[PlyCount "51"]
[EventDate "2010.05.04"]
[EventType "swiss"]
[EventRounds "4"]
[EventCountry "CAN"]

1. d4 Nf6 2. Nf3 d5 3. c4 c6 4. Nc3 dxc4 5. e4 b5 6. Qc2 a6 7. Be2 Bb7 8. O-O
h6 9. b3 cxb3 10. Qxb3 e6 11. e5 Nd5 12. Ne4 Qc7 13. Nfd2 Nd7 14. Qg3 c5 15.
Nd6+ Ke7 16. Nxb7 Qxb7 17. Ne4 cxd4 18. Nd6 Qb8 19. Bd2 Nxe5 20. Nf5+ exf5 21.
Rfe1 Ng6 22. Bxb5+ Kf6 23. Qf3 Qxb5 24. g4 f4 25. Qe4 Bd6 26. Qf5# 1-0